000 00596nam a2200205Ia 4500
003 OSt
005 20250201084910.0
008 210716s1982 xx 000 0 und d
020 _a0517064622
040 _cAIMIT LIBRARY
041 _aeng
082 _a813.54
_21
_bCLAM
100 _aClark, Mary Higgins.
_9196849
245 _aMary higgins clark:
_bthree complete novels /
_cBy Mary Higgins Clark.
250 _a1st ed.
260 _aNew York :
_bRandom House ;
_c1982.
300 _a598p. ;
_bPB
_c24 cm.
650 _aWeep no more my lady
_9196850
942 _2ddc
_cBK
_e1st ed.
_k813.54 CLAM
999 _c199883
_d199883